000 00950nam a2200277 i 4500
001 82137
003 ES-MaACL
005 20240529062942.0
007 t|
008 041125s1987 sp ||||1| spa d
020 _a84-7137-955-4
040 _cES-MaACL
080 _a914-672 CE
100 1 _aArroyo Ilera, Fernando,
_d1946-
_923353
_eaut
245 1 0 _aRegiones y naciones de Europa /
_cFernando Arroyo, Felipe Fernández.
260 _aPamplona :
_bSalvat,
_c1987.
300 _a96 páginas :
_bilustraciones (blanco y negro y color) ;
_c21 cm.
490 1 _aSalvat libros. Serie Europa ;
_v5
651 0 _9236707
_aPaíses de la Unión Europea-
_xDescripción
700 1 _aFernández García, Felipe,
_949807
_eaut
_d1950-
830 _aSalvat libros. Serie Europa ;
_v5
_9183731
852 _aES-MaACL
_bR.134607
_cDEPO2
_jE-10479
942 _cMONOGRAFIA
_n0
999 _c82137
_d82137